000 00291nam a2200121 i 4500
001 bg
245 0 _aIzlucatelnaja rekombinacija v poluprovodnikovych kristallach.
260 _aMoskva,
_c1973.
040 _cBPK
041 _apol
942 _cKS
008 s pl f |000 0 pol
999 _c15746
_d15746
856 _uhttp://koha.tu.koszalin.pl/cgi-bin/koha/opac-detail.pl?biblionumber=15746
_yKatalog online BPK